| 000 | 00490nam a22001337a 4500 | ||
|---|---|---|---|
| 008 | 230605b xxu||||| |||| 00| 0 eng d | ||
| 082 |
_a328.052 _bJLS |
||
| 110 | _d2015 | ||
| 245 |
_aThe Journal of Legislative Studies _cTaylor & Francis _bGovernment-Opposition Dynamics in Southern European Countries during the Economic Crisis. Great Recession, Great Cooperation? |
||
| 260 |
_aUnited Kingdom _bTaylor & Francis _c2015 |
||
| 300 | _a123 p | ||
| 440 |
_x13572334 _n1 _pMarch _v21 |
||
| 942 |
_2ddc _cBK |
||
| 999 |
_c412 _d412 |
||